[Event "CAN-op"]
[Site "Toronto CAN"]
[Date "2010.07.13"]
[Round "4"]
[White "Moran-Venegas, Mario"]
[Black "Tonakanian, Stephan"]
[Result "1/2-1/2"]
[WhiteElo "1704"]
[BlackElo "1990"]
[PlyCount "115"]
[EventDate "2010.07.10"]
[EventType "swiss"]
[EventRounds "9"]
[EventCountry "CAN"]

1. e4 e6 2. d4 d5 3. Nc3 Bb4 4. e5 c5 5. a3 cxd4 6. axb4 dxc3 7. Ne2 Nc6 8. f4
Nxb4 9. Nxc3 Ne7 10. Nb5 Nf5 11. g3 O-O 12. Rxa7 Rxa7 13. Nxa7 Qb6 14. Nxc8
Rxc8 15. c3 Ne3 16. Bxe3 Qxe3+ 17. Be2 d4 18. Qd2 Qe4 19. O-O Nd5 20. Bf3 dxc3
21. bxc3 Qc4 22. Bxd5 exd5 23. Rd1 Rc5 24. Qd4 Qb5 25. c4 Rxc4 26. Qxd5 Qb6+
27. Kf1 Rc8 28. Qd7 Rf8 29. Qd4 Qa6+ 30. Qd3 Qc6 31. Qd5 Qa6+ 32. Qd3 b5 33.
Rb1 Rb8 34. Qd6 Qb7 35. Kf2 b4 36. e6 fxe6 37. Qxe6+ Kh8 38. Rb3 h6 39. Qe3 Rd8
40. h4 Qb5 41. Kg2 Re8 42. Qf3 Qc4 43. Qd3 Qc6+ 44. Kh2 Qc5 45. Qd2 Qc4 46.
Qxb4 Re2+ 47. Kh3 Qe6+ 48. g4 h5 49. Qf8+ Kh7 50. Qf5+ Qxf5 51. gxf5 Kg8 52.
Rg3 Rf2 53. Rg5 Rf3+ 54. Kg2 Rxf4 55. Rxh5 Kf7 56. Kg3 Rf1 57. Kg4 Kf6 58. Rg5
1/2-1/2

[Event "CAN-op"]
[Site "Toronto CAN"]
[Date "2010.07.13"]
[Round "4"]
[White "Pechenkin, Vladimir"]
[Black "MacKinnon, Keith"]
[Result "1-0"]
[WhiteElo "2432"]
[BlackElo "2280"]
[PlyCount "59"]
[EventDate "2010.07.10"]
[EventType "swiss"]
[EventRounds "9"]
[EventCountry "CAN"]

1. e4 c5 2. c4 Nc6 3. Nc3 g6 4. g3 Bg7 5. Bg2 d6 6. d3 a6 7. Nge2 Rb8 8. a4 e6
9. O-O Nge7 10. Rb1 O-O 11. Be3 Nd4 12. b4 Nec6 13. b5 axb5 14. axb5 Ne7 15. f4
b6 16. Bf2 Nxe2+ 17. Nxe2 d5 18. d4 cxd4 19. cxd5 exd5 20. Nxd4 Bb7 21. e5 Qd7
22. Bf3 Rfd8 23. Re1 Qe8 24. g4 Bc8 25. Qd3 Bd7 26. f5 Nc8 27. e6 fxe6 28. fxe6
Bxd4 29. Bxd4 Bxe6 30. Qe3 1-0

[Event "CAN-op"]
[Site "Toronto CAN"]
[Date "2010.07.13"]
[Round "4"]
[White "Peng, Jackie"]
[Black "Oussedik, Elias"]
[Result "0-1"]
[WhiteElo "1800"]
[BlackElo "2154"]
[PlyCount "56"]
[EventDate "2010.07.10"]
[EventType "swiss"]
[EventRounds "9"]
[EventCountry "CAN"]

1. e4 e6 2. d4 d5 3. Nc3 Nf6 4. e5 Nfd7 5. f4 c5 6. Nf3 Nc6 7. Be3 cxd4 8. Bxd4
Nxd4 9. Nxd4 Bc5 10. Qd2 a6 11. Be2 b5 12. Nb3 Ba7 13. Bxb5 axb5 14. Nxb5 O-O
15. Nxa7 Rxa7 16. O-O f6 17. Nd4 Qb6 18. Kh1 Nc5 19. b3 Ba6 20. Rfb1 fxe5 21.
fxe5 Ne4 22. Qe3 Nf2+ 23. Kg1 Ng4 24. Qc3 Rc7 25. Qb2 Rxc2 26. Qxc2 Qxd4+ 27.
Kh1 Nf2+ 28. Kg1 Nd1+ 0-1

[Event "CAN-op"]
[Site "Toronto CAN"]
[Date "2010.07.13"]
[Round "4"]
[White "Pentala, Harikrishna"]
[Black "Cheng, Bindi"]
[Result "1-0"]
[WhiteElo "2678"]
[BlackElo "2426"]
[PlyCount "163"]
[EventDate "2010.07.10"]
[EventType "swiss"]
[EventRounds "9"]
[EventCountry "CAN"]

1. d4 d5 2. c4 c6 3. Nf3 Nf6 4. Nc3 a6 5. Bd2 g6 6. Qb3 Bg7 7. g3 dxc4 8. Qxc4
b5 9. Qb3 Be6 10. Qc2 Bf5 11. Qc1 Nbd7 12. Bg2 Rc8 13. Bh6 O-O 14. Bxg7 Kxg7
15. b4 a5 16. a3 axb4 17. axb4 Nd5 18. Nh4 Be6 19. Rb1 Nxc3 20. Qxc3 Bd5 21.
O-O Nf6 22. Nf3 Be4 23. Rb2 Qd5 24. Rd1 Rfd8 25. Ne1 Bxg2 26. Nxg2 e5 27. Ne3
exd4 28. Nxd5 dxc3 29. Nxc3 Rxd1+ 30. Nxd1 c5 31. bxc5 Rxc5 32. Ne3 Nd5 33. Nc2
Nc3 34. Nd4 Kf6 35. Rc2 b4 36. Rb2 Rc4 37. e3 Nd5 38. Kf1 Ke5 39. Ke2 f5 40.
Kd2 Rc3 41. Rxb4 Ra3 42. Rc4 Ra2+ 43. Rc2 Ra1 44. Ke2 Kd6 45. Kf3 Kd7 46. Rd2
Ra5 47. h3 h5 48. Rb2 Kd6 49. Rb8 Ra6 50. Re8 Nc7 51. Rg8 Ke5 52. Nb3 Kf6 53.
Nc5 Ra5 54. Nb3 Ra6 55. Rf8+ Ke7 56. Rb8 Nd5 57. Rb7+ Kd6 58. Nd4 Ke5 59. Rb5
Kd6 60. g4 hxg4+ 61. hxg4 Nc7 62. Rb2 fxg4+ 63. Kxg4 Ke5 64. Rb7 Nd5 65. Nf3+
Kd6 66. Ng5 Ra1 67. Ne4+ Ke6 68. Ng5+ Kd6 69. Nh3 Ke6 70. Rb3 Re1 71. Ra3 Kf6
72. Rd3 Ne7 73. Rd6+ Kf7 74. Ng5+ Kg7 75. e4 Rg1+ 76. Kf4 Kh6 77. Ne6 g5+ 78.
Ke5 Ng6+ 79. Kf6 Re1 80. Nxg5 Re2 81. f3 Kh5 82. Rd7 1-0

[Event "CAN-op"]
[Site "Toronto CAN"]
[Date "2010.07.13"]
[Round "4"]
[White "Shabalov, Alexander"]
[Black "Ashton, Adam"]
[Result "1-0"]
[WhiteElo "2618"]
[BlackElo "2316"]
[PlyCount "104"]
[EventDate "2010.07.10"]
[EventType "swiss"]
[EventRounds "9"]
[EventCountry "CAN"]

1. d4 d5 2. c4 e6 3. Nc3 Nf6 4. Bg5 Nbd7 5. e3 c6 6. cxd5 exd5 7. Bd3 Be7 8.
Nge2 O-O 9. O-O Re8 10. f3 Nf8 11. Bh4 Be6 12. Bf2 c5 13. dxc5 Bxc5 14. Nb5 a6
15. Nbd4 Rc8 16. Rc1 Bd7 17. Rc3 Ng6 18. Bb1 Ba7 19. Qb3 Rxc3 20. Nxc3 Bxd4 21.
exd4 Bc6 22. Qd1 Nh5 23. g3 Nf6 24. Qd2 Nd7 25. h4 Nb6 26. b3 Nc8 27. a4 Nd6
28. Kg2 Qf6 29. Rh1 Nf8 30. Na2 a5 31. Qxa5 Re2 32. Re1 Rxf2+ 33. Kxf2 Qxd4+
34. Kf1 Qb2 35. Qc5 d4 36. Qc2 Qxc2 37. Bxc2 Bxf3 38. Kf2 Bg4 39. Nb4 Ne6 40.
Nd5 h5 41. b4 Kf8 42. Bd3 Ke8 43. a5 Kd8 44. Rc1 Nf8 45. b5 Nd7 46. a6 bxa6 47.
bxa6 Ne5 48. a7 Nxd3+ 49. Kg2 Nxc1 50. a8=Q+ Nc8 51. Qa5+ Ke8 52. Qa4+ Kf8 1-0

[Event "CAN-op"]
[Site "Toronto CAN"]
[Date "2010.07.13"]
[Round "4"]
[White "Sly, Douglas"]
[Black "Zhao, Yue Tong (Davy)"]
[Result "1-0"]
[WhiteElo "1628"]
[BlackElo "1228"]
[PlyCount "25"]
[EventDate "2010.07.10"]
[EventType "swiss"]
[EventRounds "9"]
[EventCountry "CAN"]

1. e4 c5 2. c3 e5 3. Nf3 Nc6 4. d3 Nge7 5. Be3 b6 6. d4 d5 7. Nxe5 dxe4 8. Nxf7
Kxf7 9. Nd2 Bb7 10. Bc4+ Ke8 11. Nxe4 Nxd4 12. Qh5+ g6 13. Nf6# 1-0

[Event "CAN-op"]
[Site "Toronto CAN"]
[Date "2010.07.13"]
[Round "4"]
[White "Zaczek, Jonathan"]
[Black "Medvedev, Gennadi"]
[Result "1-0"]
[WhiteElo "2179"]
[BlackElo "1628"]
[PlyCount "68"]
[EventDate "2010.07.10"]
[EventType "swiss"]
[EventRounds "9"]
[EventCountry "CAN"]

1. e4 c6 2. d4 d5 3. exd5 cxd5 4. c4 e6 5. Nc3 h6 6. Nf3 Nc6 7. Bd3 Nf6 8. O-O
a6 9. Re1 Nb4 10. Ne5 Nxd3 11. Qxd3 Bb4 12. Bd2 Bxc3 13. bxc3 dxc4 14. Qxc4 O-O
15. Re3 b5 16. Qd3 Bb7 17. Rh3 Ne4 18. Re1 Nxd2 19. Qxd2 Qg5 20. f4 Qf5 21. g4
Qh7 22. Qf2 f6 23. Nd7 Rfe8 24. Rhe3 Bc6 25. Nc5 Bd5 26. Nxe6 Bxe6 27. Rxe6
Rxe6 28. Rxe6 Qg6 29. Qe2 h5 30. g5 Kh7 31. h4 Rc8 32. Kh2 Rxc3 33. f5 Rh3+ 34.
Kg2 Re3 1-0

[Event "CAN-op"]
[Site "Toronto CAN"]
[Date "2010.07.14"]
[Round "5"]
[White "Ashton, Adam"]
[Black "Stephens, Paul"]
[Result "1-0"]
[WhiteElo "2316"]
[BlackElo "1882"]
[PlyCount "43"]
[EventDate "2010.07.10"]
[EventType "swiss"]
[EventRounds "9"]
[EventCountry "CAN"]

1. e4 c5 2. Nf3 g6 3. c3 Bg7 4. d4 cxd4 5. cxd4 d5 6. exd5 Nf6 7. Nc3 Nxd5 8.
Bc4 Nxc3 9. bxc3 O-O 10. O-O Nd7 11. Re1 Nb6 12. Bb3 Qc7 13. Ba3 Re8 14. Ng5 e6
15. Ne4 Bd7 16. Nd6 Red8 17. Qf3 Bc6 18. Qg3 Bf8 19. Rxe6 Nc8 20. Rxg6+ hxg6
21. Qxg6+ Bg7 22. Nf5 1-0

[Event "CAN-op"]
[Site "Toronto CAN"]
[Date "2010.07.14"]
[Round "5"]
[White "Barron, Michael"]
[Black "Solis, Jaime"]
[Result "1-0"]
[WhiteElo "2375"]
[BlackElo "1828"]
[PlyCount "149"]
[EventDate "2010.07.10"]
[EventType "swiss"]
[EventRounds "9"]
[EventCountry "CAN"]

1. e4 e5 2. Nf3 Nc6 3. Bb5 a6 4. Ba4 Nf6 5. O-O Be7 6. Re1 b5 7. Bb3 d6 8. c3
O-O 9. d4 Bg4 10. d5 Na5 11. Bc2 c5 12. Nbd2 Nb7 13. h3 Bd7 14. Nf1 Kh8 15. g4
Ng8 16. Ng3 f6 17. Be3 Qe8 18. b4 Rc8 19. a4 Qd8 20. Bd3 Ra8 21. Qe2 Qb6 22.
Reb1 Rfb8 23. Kg2 Bf8 24. Ra2 Qc7 25. axb5 c4 26. Bxc4 axb5 27. Rxa8 Rxa8 28.
Bxb5 Ne7 29. Bxd7 Qxd7 30. Qb2 Qa4 31. Nd2 Nc8 32. Nb3 Qd7 33. Ra1 Ra4 34. Ra3
Kg8 35. Qa2 Rxa3 36. Qxa3 g6 37. Qa6 Kf7 38. Qc6 Ke8 39. c4 Be7 40. Ne2 Nd8 41.
Qxd7+ Kxd7 42. c5 dxc5 43. bxc5 Bf8 44. Nc3 Ne7 45. c6+ Nexc6 46. dxc6+ Nxc6
47. Nd5 Bg7 48. Kf3 Ke6 49. Ke2 Nd8 50. Kd3 Kf7 51. Kc4 Ne6 52. Nc5 Nf8 53. Nc7
h5 54. Kd5 hxg4 55. hxg4 Ke7 56. N5e6 Nxe6 57. Nxe6 Bh8 58. Bh6 Kf7 59. Kd6 f5
60. gxf5 gxf5 61. exf5 Kf6 62. Bg7+ Bxg7 63. Nxg7 e4 64. Kd7 Kf7 65. Nh5 Kf8
66. Nf6 Kf7 67. Nxe4 Kf8 68. Ng5 Kg7 69. Ke7 Kg8 70. f6 Kh8 71. f7 Kg7 72.
f8=Q+ Kg6 73. Ne6 Kh5 74. Qg7 Kh4 75. Qg5+ 1-0

[Event "CAN-op"]
[Site "Toronto CAN"]
[Date "2010.07.14"]
[Round "5"]
[White "Betaneli, Aleksandr"]
[Black "Song, Michael"]
[Result "1-0"]
[WhiteElo "2312"]
[BlackElo "1866"]
[PlyCount "59"]
[EventDate "2010.07.10"]
[EventType "swiss"]
[EventRounds "9"]
[EventCountry "CAN"]

1. e4 e6 2. c4 c5 3. Nc3 Nc6 4. g3 Nge7 5. Bg2 d6 6. Nge2 a6 7. d4 cxd4 8. Nxd4
Nxd4 9. Qxd4 Nc6 10. Qd2 e5 11. O-O Be7 12. Nd5 Be6 13. b3 Bxd5 14. exd5 Nb8
15. f4 Nd7 16. Bb2 Qb6+ 17. Qf2 Qxf2+ 18. Rxf2 f6 19. Bh3 Nc5 20. Rd1 Bd8 21.
Re2 Bb6 22. Kg2 Rd8 23. b4 Na4 24. fxe5 fxe5 25. Bxe5 dxe5 26. Rxe5+ Kf7 27.
Rf1+ Kg6 28. Re6+ Kh5 29. Rf5+ g5 30. g4+ 1-0

[Event "CAN-op"]
[Site "Toronto CAN"]
[Date "2010.07.14"]
[Round "5"]
[White "Chernik, Dmitry"]
[Black "Martchenko, Alexander"]
[Result "0-1"]
[WhiteElo "1855"]
[BlackElo "2382"]
[PlyCount "52"]
[EventDate "2010.07.10"]
[EventType "swiss"]
[EventRounds "9"]
[EventCountry "CAN"]

1. e4 c5 2. Nf3 Nc6 3. Bb5 e6 4. Bxc6 bxc6 5. O-O d5 6. d3 Ne7 7. Re1 Ng6 8. e5
Be7 9. b3 O-O 10. Nbd2 Qa5 11. Nf1 c4 12. Bd2 c3 13. Bg5 Ba3 14. h4 f6 15. exf6
gxf6 16. Bh6 Rf7 17. Nd4 e5 18. h5 Ne7 19. Ne2 Nf5 20. Bc1 Bc5 21. Nfg3 Nxg3
22. Nxg3 Rg7 23. Qf3 Bg4 24. Qxf6 Rf8 25. Qxe5 Bxf2+ 26. Kh2 Qd8 0-1

[Event "CAN-op"]
[Site "Toronto CAN"]
[Date "2010.07.14"]
[Round "5"]
[White "Cohen, Lawrence"]
[Black "McCleary, Reuben"]
[Result "1-0"]
[WhiteElo "2031"]
[BlackElo "1597"]
[PlyCount "126"]
[EventDate "2010.07.10"]
[EventType "swiss"]
[EventRounds "9"]
[EventCountry "CAN"]

1. c4 e6 2. g3 d5 3. cxd5 exd5 4. d4 Nf6 5. Bg2 c6 6. Nc3 Bb4 7. Bd2 Bf5 8. Nf3
O-O 9. O-O Re8 10. Re1 Nbd7 11. Qb3 Bxc3 12. bxc3 Nb6 13. Bg5 h6 14. Bxf6 Qxf6
15. Ne5 Re7 16. f4 Qe6 17. e4 dxe4 18. Qxe6 Rxe6 19. g4 Bh7 20. f5 Re7 21. Bxe4
f6 22. Nf3 Rae8 23. Bd3 Rxe1+ 24. Rxe1 Rxe1+ 25. Nxe1 Kf8 26. Kf2 Bg8 27. a3
Ke7 28. Nf3 Nd5 29. c4 Nb6 30. Nd2 Nd7 31. Ke3 b6 32. a4 Bf7 33. h4 Nf8 34. Kf4
g5+ 35. hxg5 hxg5+ 36. Ke4 Kd6 37. Ke3 Nd7 38. Ne4+ Ke7 39. Be2 a5 40. Kd3 Bg8
41. Kc3 Bf7 42. Bf3 Bg8 43. Nd2 Kd6 44. Nb3 Bf7 45. c5+ bxc5 46. Nxa5 cxd4+ 47.
Kxd4 c5+ 48. Kc3 Nb6 49. Nb7+ Kc7 50. Nxc5 Bd5 51. Bxd5 Nxd5+ 52. Kd4 Nb4 53.
Ne4 Nc6+ 54. Kd5 Ne7+ 55. Ke6 Ng8 56. Kf7 Nh6+ 57. Kxf6 Nxg4+ 58. Kxg5 Ne5 59.
f6 Kb6 60. Kf5 Nf7 61. Ke6 Nh6 62. Nd6 Ka5 63. Nf5 Ng4 1-0

[Event "CAN-op"]
[Site "Toronto CAN"]
[Date "2010.07.14"]
[Round "5"]
[White "Cummings, David"]
[Black "Twesigye, Derick"]
[Result "1/2-1/2"]
[WhiteElo "2482"]
[BlackElo "1990"]
[PlyCount "125"]
[EventDate "2010.07.10"]
[EventType "swiss"]
[EventRounds "9"]
[EventCountry "CAN"]

1. c4 Nf6 2. Nf3 g6 3. Nc3 Bg7 4. e4 d6 5. d4 O-O 6. Be2 e5 7. O-O Nc6 8. d5
Ne7 9. Ne1 Nd7 10. Nd3 f5 11. Bd2 Nf6 12. f3 Kh8 13. Rc1 c5 14. a3 Bd7 15. b4
b6 16. bxc5 bxc5 17. Rb1 Rb8 18. Qc2 Qc7 19. Nf2 Rxb1 20. Rxb1 Rb8 21. Nb5 Qb6
22. Bd3 a6 23. Nc3 Qc7 24. Rb3 f4 25. Qb2 Rxb3 26. Qxb3 Nc8 27. Na4 Be8 28. Bc2
Nd7 29. Nd3 Bf6 30. Qc3 Kg7 31. Nc1 Ndb6 32. Nb2 Kf7 33. a4 g5 34. a5 Nd7 35.
Ba4 Nb8 36. Bxe8+ Kxe8 37. Qb3 Bd8 38. Nbd3 Nd7 39. Bc3 Kf7 40. g3 Bf6 41. Qb2
Bd8 42. Qg2 Nf8 43. Ne2 Ke8 44. h4 h6 45. hxg5 hxg5 46. Nf2 Qh7 47. Ng4 Kd7 48.
Bxe5 dxe5 49. Nxe5+ Kc7 50. gxf4 Qh4 51. Nd3 Nd6 52. Nxc5 Qe1+ 53. Qf1 Qxf1+
54. Kxf1 Nxc4 55. Nxa6+ Kd6 56. fxg5 Bxg5 57. Nb4 Nxa5 58. f4 Bxf4 59. Nxf4 Ke5
60. Nc6+ Kxe4 61. Nxa5 Kxf4 62. Nc4 Ke4 63. d6 1/2-1/2

[Event "CAN-op"]
[Site "Toronto CAN"]
[Date "2010.07.14"]
[Round "5"]
[White "Drkulec, Vladimir"]
[Black "Yoos, John"]
[Result "0-1"]
[WhiteElo "2038"]
[BlackElo "2461"]
[PlyCount "114"]
[EventDate "2010.07.10"]
[EventType "swiss"]
[EventRounds "9"]
[EventCountry "CAN"]

1. d4 Nf6 2. Nf3 g6 3. g3 Bg7 4. Bg2 O-O 5. O-O d6 6. c4 Nc6 7. Nc3 a6 8. e4
Bg4 9. h3 Bxf3 10. Bxf3 e5 11. d5 Nd4 12. Bg2 c5 13. dxc6 bxc6 14. Be3 Nd7 15.
f4 a5 16. f5 Nb6 17. Qd3 a4 18. g4 Bf6 19. Bh6 Re8 20. Rad1 Bg5 21. fxg6 hxg6
22. Bxg5 Qxg5 23. Ne2 c5 24. Rf2 Re7 25. Ng3 Rb8 26. Nf1 Rd7 27. Ne3 Kg7 28.
Nf1 Na8 29. Ne3 Rdb7 30. Rdd2 Nb6 31. Nd1 Rd7 32. Ne3 Qd8 33. Bf1 Ne6 34. Ng2
Nc8 35. Qg3 Ne7 36. g5 Nc6 37. h4 Nb4 38. a3 Nc6 39. Rf6 Rb3 40. Qf2 Ncd4 41.
Be2 Qa8 42. Bd1 Rb8 43. Qe3 Qa6 44. Qd3 Rdb7 45. Qf1 Qc6 46. Rdf2 Qxe4 47.
Rxf7+ Rxf7 48. Rxf7+ Kg8 49. Rf2 Nf5 50. Bf3 Qd4 51. Kh2 Kh7 52. Bd5 Neg7 53.
h5 Qg4 54. h6 Nh5 55. Be6 Nhg3 56. Bxf5 gxf5 57. Qd3 Rb3 0-1

[Event "CAN-op"]
[Site "Toronto CAN"]
[Date "2010.07.14"]
[Round "5"]
[White "Egorov, Mikhail"]
[Black "Rajsic, Branislav"]
[Result "1-0"]
[WhiteElo "2179"]
[BlackElo "1782"]
[PlyCount "31"]
[EventDate "2010.07.10"]
[EventType "swiss"]
[EventRounds "9"]
[EventCountry "CAN"]

1. e4 c5 2. Nc3 d6 3. f4 a6 4. a4 e6 5. Nf3 Qc7 6. Bc4 Nd7 7. O-O Ngf6 8. d3
Be7 9. f5 Nb6 10. fxe6 fxe6 11. Ba2 c4 12. Bg5 Qc5+ 13. d4 Qb4 14. a5 Na4 15.
Nxa4 Qxa4 16. Bb3 1-0

[Event "CAN-op"]
[Site "Toronto CAN"]
[Date "2010.07.14"]
[Round "5"]
[White "Farrant-Diaz, Nathan"]
[Black "Mo, Kevin"]
[Result "1/2-1/2"]
[WhiteElo "1716"]
[BlackElo "1964"]
[PlyCount "184"]
[EventDate "2010.07.10"]
[EventType "swiss"]
[EventRounds "9"]
[EventCountry "CAN"]

1. e4 c5 2. Nc3 Nc6 3. g3 g6 4. Bg2 Bg7 5. d3 d6 6. Be3 e5 7. Qd2 Nd4 8. Nd1 b5
9. c3 Nc6 10. f3 Rb8 11. Ne2 a5 12. d4 cxd4 13. cxd4 Nge7 14. d5 Nb4 15. a3 Na6
16. O-O O-O 17. b4 f5 18. Bf2 Bd7 19. Nb2 a4 20. Rac1 h5 21. f4 Kh8 22. fxe5
dxe5 23. Be3 fxe4 24. Bxe4 Bf5 25. Bxf5 Nxf5 26. Bg5 Qb6+ 27. Kh1 Rbc8 28. Rxc8
Rxc8 29. Rc1 Rxc1+ 30. Qxc1 Qd6 31. Qc6 Nc7 32. Qxd6 Nxd6 33. Be7 Nce8 34. Nc3
e4 35. Nbd1 Kg8 36. Kg2 Kf7 37. Bg5 Bf6 38. Be3 Bxc3 39. Nxc3 Nc4 40. Bc1 Ned6
41. h4 Kf6 42. Bf4 Kf5 43. Kf2 Kf6 44. Ke2 Ke7 45. Bc1 Nf5 46. Nxe4 Nd4+ 47.
Kd3 Nb3 48. Bg5+ Kd7 49. Nc5+ Kd6 50. Nxb3 axb3 51. Kc3 b2 52. Kc2 Kxd5 53. Bf6
Nxa3+ 54. Kxb2 Nc4+ 55. Kc3 Nd6 56. Bd8 Ne4+ 57. Kd3 Nxg3 58. Be7 Ke5 59. Bg5
Kf5 60. Ke3 Kg4 61. Kd4 Nf5+ 62. Kc5 Nxh4 63. Bxh4 Kxh4 64. Kxb5 g5 65. Kc6 g4
66. b5 g3 67. b6 g2 68. b7 g1=Q 69. b8=Q Qg2+ 70. Kd7 Qg7+ 71. Kc6 Qf6+ 72. Kd7
Qf7+ 73. Kc6 Qe6+ 74. Kc5 Kg5 75. Qd8+ Kg6 76. Qa8 Qe5+ 77. Kc4 h4 78. Qg8+ Kh5
79. Qh7+ Kg4 80. Qd7+ Qf5 81. Qd1+ Qf3 82. Qg1+ Kf4 83. Qh2+ Kg5 84. Qe5+ Kg4
85. Qe6+ Kg3 86. Qe1+ Kh3 87. Kb5 Qf5+ 88. Kb6 Qf6+ 89. Kb5 Kg2 90. Qd2+ Qf2
91. Qg5+ Kh3 92. Ka5 Qe1+ 1/2-1/2

[Event "CAN-op"]
[Site "Toronto CAN"]
[Date "2010.07.14"]
[Round "5"]
[White "Friedel, Joshua"]
[Black "Gerzhoy, Leonid"]
[Result "1/2-1/2"]
[WhiteElo "2586"]
[BlackElo "2630"]
[PlyCount "74"]
[EventDate "2010.07.10"]
[EventType "swiss"]
[EventRounds "9"]
[EventCountry "CAN"]

1. e4 c6 2. d4 d5 3. e5 Bf5 4. Nd2 e6 5. Nb3 Nd7 6. Nf3 Bg6 7. Be2 Nh6 8. O-O
Nf5 9. Bd2 Be7 10. g4 Nh6 11. h3 O-O 12. c3 Kh8 13. Nc1 Ng8 14. Nd3 f6 15. Nf4
Bf7 16. Bd3 fxe5 17. Nxe5 Nxe5 18. dxe5 Bg5 19. Ne2 Bxd2 20. Qxd2 Ne7 21. f4
Qb6+ 22. Kh2 Bg6 23. Bxg6 Nxg6 24. Rae1 Rf7 25. Ng3 Raf8 26. f5 Ne7 27. Nh5 Ng8
28. Re2 exf5 29. e6 Re7 30. gxf5 Nf6 31. Nxf6 Qc7+ 32. Qf4 Qxf4+ 33. Rxf4 Rxf6
34. c4 g6 35. cxd5 cxd5 36. Re5 gxf5 37. Rxd5 Rfxe6 1/2-1/2

[Event "CAN-op"]
[Site "Toronto CAN"]
[Date "2010.07.14"]
[Round "5"]
[White "Fu, James"]
[Black "Sly, Douglas"]
[Result "1-0"]
[WhiteElo "1978"]
[BlackElo "1628"]
[PlyCount "79"]
[EventDate "2010.07.10"]
[EventType "swiss"]
[EventRounds "9"]
[EventCountry "CAN"]

1. e4 d6 2. d4 c6 3. Nc3 Qc7 4. Nf3 Bg4 5. Be2 Nd7 6. h3 Bxf3 7. Bxf3 e5 8. O-O
Ngf6 9. g3 Be7 10. Bg2 b5 11. dxe5 dxe5 12. Kh2 Rd8 13. f4 b4 14. Nb1 Nc5 15.
Qe1 Bd6 16. f5 O-O 17. g4 Na4 18. g5 Nh5 19. Qh4 Nf4 20. Bf3 Qb6 21. Nd2 Qb5
22. b3 Nb6 23. a4 bxa3 24. f6 Bb4 25. Rf2 Rd6 26. c4 Qa5 27. Nf1 Bc5 28. Rfa2
Qc3 29. fxg7 Rfd8 30. Bxf4 exf4 31. Qxf4 Rd3 32. Kg2 Qd4 33. h4 Qxg7 34. Re1
Rxb3 35. Ng3 Rb2+ 36. Re2 Nxc4 37. Nf5 Rxe2+ 38. Rxe2 Qf8 39. Nh6+ Kh8 40. Qf6+
1-0

[Event "CAN-op"]
[Site "Toronto CAN"]
[Date "2010.07.14"]
[Round "5"]
[White "Hou, Louisa Qianqian"]
[Black "Itkin, David"]
[Result "0-1"]
[WhiteElo "1256"]
[BlackElo "1966"]
[PlyCount "90"]
[EventDate "2010.07.10"]
[EventType "swiss"]
[EventRounds "9"]
[EventCountry "CAN"]

1. d4 Nf6 2. Nf3 g6 3. Bg5 Bg7 4. Nbd2 d6 5. e3 c5 6. c3 Nbd7 7. Bd3 a6 8. a4
b6 9. O-O O-O 10. Re1 Bb7 11. e4 h6 12. Bh4 Nh5 13. Bc2 Nf4 14. Bg3 Nh5 15. Bh4
Ndf6 16. e5 dxe5 17. Rxe5 g5 18. Bg3 Nxg3 19. hxg3 Ng4 20. Re1 cxd4 21. cxd4
Bxd4 22. Nxd4 Qxd4 23. Re2 e6 24. Nb3 Qxd1+ 25. Rxd1 Rad8 26. Rc1 Rc8 27. Rd1
Rfd8 28. Red2 Rxd2 29. Rxd2 Bd5 30. Nd4 Ne5 31. b3 Nc6 32. Nxc6 Rxc6 33. b4 Kg7
34. b5 axb5 35. axb5 Rc4 36. f3 Rb4 37. Bd3 Kf6 38. Kf2 Ke7 39. Ke3 Bc4 40.
Bxc4 Rxc4 41. Rd4 Rc5 42. Rb4 Rc2 43. g4 Rxg2 44. Rc4 Rb2 45. Rc7+ Kf6 0-1

[Event "CAN-op"]
[Site "Toronto CAN"]
[Date "2010.07.14"]
[Round "5"]
[White "Lan, Tian"]
[Black "Gelis, Paul"]
[Result "1/2-1/2"]
[WhiteElo "1510"]
[BlackElo "2216"]
[PlyCount "84"]
[EventDate "2010.07.10"]
[EventType "swiss"]
[EventRounds "9"]
[EventCountry "CAN"]

1. c4 c6 2. Nc3 d5 3. cxd5 cxd5 4. d4 Nf6 5. Nf3 Nc6 6. Bf4 Bf5 7. e3 e6 8. Be2
Nh5 9. Bg5 Be7 10. Bxe7 Qxe7 11. O-O Nf6 12. Rc1 O-O 13. Nh4 Bg6 14. Nxg6 hxg6
15. Re1 Rac8 16. Bf1 a6 17. Qa4 Qd6 18. Rcd1 Ne7 19. Qb3 b5 20. e4 Nxe4 21.
Nxe4 dxe4 22. Rxe4 Qd5 23. Qxd5 Nxd5 24. a4 bxa4 25. Bxa6 Rc2 26. Re2 Rxe2 27.
Bxe2 Rb8 28. Rd2 g5 29. g3 Rb4 30. Kg2 f6 31. Bh5 Nb6 32. Re2 Nc4 33. Rxe6 Rxb2
34. Bg6 Rb8 35. Ra6 a3 36. Bd3 Nb2 37. Rxa3 Rd8 38. Bg6 Kf8 39. Ra2 Nc4 40. Ra7
Rxd4 41. Rf7+ Kg8 42. Rb7 Kf8 1/2-1/2

[Event "CAN-op"]
[Site "Toronto CAN"]
[Date "2010.07.14"]
[Round "5"]
[White "Liu, Jiaxin (Dora)"]
[Black "Cheng, Louis"]
[Result "1/2-1/2"]
[WhiteElo "1460"]
[BlackElo "1975"]
[PlyCount "52"]
[EventDate "2010.07.10"]
[EventType "swiss"]
[EventRounds "9"]
[EventCountry "CAN"]

1. e4 c5 2. Nf3 d6 3. d4 cxd4 4. Nxd4 Nf6 5. Nc3 a6 6. Be2 e6 7. Be3 Qc7 8. a4
Bd7 9. O-O Nc6 10. f4 Be7 11. Bf3 Na5 12. Be2 O-O 13. Kh1 Nc4 14. Bxc4 Qxc4 15.
Qf3 Rfd8 16. Rfe1 e5 17. fxe5 Bg4 18. Qg3 dxe5 19. Nf5 Bxf5 20. exf5 Ng4 21.
Bg1 h5 22. h3 Nh6 23. Rf1 Bf6 24. Be3 Kh7 25. Qf3 h4 26. Ne4 Qc6 1/2-1/2

[Event "CAN-op"]
[Site "Toronto CAN"]
[Date "2010.07.14"]
[Round "5"]
[White "MacKinnon, Keith"]
[Black "Agbabishvili, Lali"]
[Result "1-0"]
[WhiteElo "2280"]
[BlackElo "1860"]
[PlyCount "123"]
[EventDate "2010.07.10"]
[EventType "swiss"]
[EventRounds "9"]
[EventCountry "CAN"]

1. e4 c5 2. Nf3 d6 3. d4 cxd4 4. Nxd4 Nf6 5. Nc3 a6 6. Be3 e5 7. Nb3 Be6 8. f4
Ng4 9. Bd2 exf4 10. Bxf4 Nc6 11. Qd2 Nge5 12. O-O-O Na5 13. Nd5 Nxb3+ 14. axb3
Bxd5 15. Qxd5 Qc7 16. Bc4 Be7 17. Rhf1 O-O 18. Bxe5 dxe5 19. Qd7 Rac8 20. Rf5
b5 21. Qxc7 Rxc7 22. Bd5 g6 23. Rf3 Kg7 24. Rdf1 f6 25. g4 h6 26. h4 a5 27. Rg3
Bd8 28. h5 g5 29. Rd3 Be7 30. Be6 Rd8 31. Rxd8 Bxd8 32. Rd1 Be7 33. Rd5 Rb7 34.
Bc8 Rb6 35. Bd7 Rd6 36. Rxd6 Bxd6 37. Bxb5 Kf7 38. Kd2 Bc5 39. Kd3 Ke7 40. Kc4
Kd6 41. Be8 f5 42. exf5 e4 43. f6 e3 44. Kd3 Ke6 45. f7 Ke7 46. c3 Kf8 47. b4
axb4 48. cxb4 Bb6 49. b3 Ke7 50. Bb5 Kxf7 51. Ke4 Ke6 52. Bc4+ Kf6 53. Kd5 Ba7
54. b5 Bb6 55. Kc6 Bd4 56. Kd5 Bb6 57. b4 Ba7 58. Be2 Ke7 59. Kc6 Kd8 60. b6
Bb8 61. Kb7 Bd6 62. Ka8 1-0

[Event "CAN-op"]
[Site "Toronto CAN"]
[Date "2010.07.14"]
[Round "5"]
[White "Medvedev, Gennadi"]
[Black "Hambleton, Aman"]
[Result "0-1"]
[WhiteElo "1628"]
[BlackElo "2315"]
[PlyCount "78"]
[EventDate "2010.07.10"]
[EventType "swiss"]
[EventRounds "9"]
[EventCountry "CAN"]

1. e4 e6 2. d4 d5 3. e5 c5 4. c3 Nc6 5. Nf3 Nh6 6. Bb5 Bd7 7. O-O cxd4 8. Bxc6
bxc6 9. cxd4 Nf5 10. a3 a5 11. Nc3 c5 12. Be3 cxd4 13. Nxd4 Nxe3 14. fxe3 Bc5
15. Rf4 Qg5 16. Qf3 O-O 17. Rf1 Qxe5 18. Rxf7 h6 19. b4 axb4 20. axb4 Bxb4 21.
Nce2 Kh7 22. Ng3 Rxf7 23. Qxf7 Qxe3+ 24. Kh1 Rf8 25. Qxd7 Rxf1+ 26. Nxf1 Qf2
27. Qb5 Qxd4 28. h3 Bc5 29. Qb1+ Kg8 30. Ng3 Bd6 31. Qg6 Qa1+ 32. Kh2 Qe5 33.
h4 Qxg3+ 34. Qxg3 Bxg3+ 35. Kxg3 e5 36. h5 Kf7 37. Kg4 Kf6 38. Kf3 Kf5 39. g4+
Kg5 0-1

[Event "CAN-op"]
[Site "Toronto CAN"]
[Date "2010.07.14"]
[Round "5"]
[White "Oussedik, Elias"]
[Black "Faust, Steven"]
[Result "1/2-1/2"]
[WhiteElo "2154"]
[BlackElo "1758"]
[PlyCount "103"]
[EventDate "2010.07.10"]
[EventType "swiss"]
[EventRounds "9"]
[EventCountry "CAN"]

1. d4 Nf6 2. Nc3 d5 3. Bg5 Nbd7 4. f3 h6 5. Bh4 c6 6. e4 Nb6 7. e5 Nh7 8. Bd3
g6 9. Nge2 Bd7 10. a4 a5 11. O-O Qc8 12. g4 Bg7 13. h3 Ng5 14. Kg2 Nc4 15. Qc1
Ne6 16. b3 Nb6 17. f4 Nc7 18. f5 g5 19. Be1 e6 20. Ng3 Bf8 21. Nh5 Kd8 22. h4
gxh4 23. Bxh4+ Be7 24. Qe1 Bg5 25. Bxg5+ hxg5 26. Qe3 Na6 27. Qxg5+ Kc7 28. Nf6
Nb4 29. Ne2 Nxd3 30. cxd3 Qd8 31. Nf4 exf5 32. gxf5 Qf8 33. e6 Be8 34. e7 Qh6
35. Qxh6 Rxh6 36. Ng4 Rh8 37. Rh1 Bd7 38. Ne3 Rag8+ 39. Kf3 Nc8 40. f6 Nd6 41.
Rac1 Kb8 42. Rxh8 Rxh8 43. Ng4 Bxg4+ 44. Kxg4 Rg8+ 45. Kf3 Ne8 46. Nh5 Kc7 47.
Kf4 Kd7 48. Re1 Rg6 49. Kf5 Nd6+ 50. Kf4 Ne8 51. Kf5 Nd6+ 52. Kf4 1/2-1/2